| 000 | 01417nam a2200277Ia 4500 | ||
|---|---|---|---|
| 999 |
_c52876 _d52876 |
||
| 001 | 19906 | ||
| 003 | GE_BSU | ||
| 005 | 20200508181414.0 | ||
| 008 | 181216s2016||||ge |||||||||||||| ||geo|| | ||
| 020 | _a9789941044588 | ||
| 040 | _cGE_BSU | ||
| 041 | _ageo | ||
| 080 | _a28-534.3 ლ-87 | ||
| 245 |
_aლოცვის მასწავლებელი / _cმთავ. რედ. ზ. მიქელაძე ; თეოლოგ. რედ. გ. გოგიტიძე. |
||
| 250 | _a3-ე გამოცემა | ||
| 264 |
_aბათუმი : _bერქამი, _c2016. |
||
| 300 |
_a87 გვ. : _bილ. ; _c17 სმ. |
||
| 520 | _aწიგნი გამოცემულია საქართველოს ახალგაზრდებზე დახმარების ასოციაციის მიერ, სრულიად საქართველოს მუსლიმთა სამმართველოს ინიციატივით. | ||
| 541 | _h3ლ. | ||
| 653 | _aისლამი | ||
| 653 | _aლოცვის მასწავლებელი | ||
| 653 | _aრელიგია | ||
| 700 |
_a მიქელაძე, ზ. _eმთავარი რედაქტორი _98018 |
||
| 700 |
_aგოგიტიძე, გ. _eთეოლოგიური რედაქტორი _98019 |
||
| 942 |
_cBK _2udc |
||